NDU-K Library Catalogue

Girl in a jacket 

Project management : (Record no. 23681)

MARC details
000 -LEADER
fixed length control field 01404cam a22003974a 4500
001 - CONTROL NUMBER
control field 22341303
003 - CONTROL NUMBER IDENTIFIER
control field OSt
005 - DATE AND TIME OF LATEST TRANSACTION
control field 20260409070234.0
006 - FIXED-LENGTH DATA ELEMENTS--ADDITIONAL MATERIAL CHARACTERISTICS
fixed length control field m |o d |
007 - PHYSICAL DESCRIPTION FIXED FIELD--GENERAL INFORMATION
fixed length control field cr |||||||||||
008 - FIXED-LENGTH DATA ELEMENTS--GENERAL INFORMATION
fixed length control field 060511s2006 nyua ob 000 0 eng
010 ## - LIBRARY OF CONGRESS CONTROL NUMBER
LC control number 2020755573
020 ## - INTERNATIONAL STANDARD BOOK NUMBER
International Standard Book Number 9780071777087
Qualifying information ebook
020 ## - INTERNATIONAL STANDARD BOOK NUMBER
Canceled/invalid ISBN 007147160X (alk. paper)
035 ## - SYSTEM CONTROL NUMBER
System control number 22341303
040 ## - CATALOGING SOURCE
Original cataloging agency DLC
Language of cataloging eng
Description conventions pn
Transcribing agency DLC
050 00 - LIBRARY OF CONGRESS CALL NUMBER
Classification number HD69.P75
082 00 - DEWEY DECIMAL CLASSIFICATION NUMBER
Classification number 658.4/04
Edition number 22
100 1# - MAIN ENTRY--PERSONAL NAME
Personal name Cleland, David I.
245 10 - TITLE STATEMENT
Title Project management :
Remainder of title strategic design and implementation /
Statement of responsibility, etc. David I. Cleland, Lewis R. Ireland.
250 ## - EDITION STATEMENT
Edition statement 5th ed.
260 ## - PUBLICATION, DISTRIBUTION, ETC.
Place of publication, distribution, etc. New York :
Name of publisher, distributor, etc. McGraw-Hill,
Date of publication, distribution, etc. 2006.
300 ## - PHYSICAL DESCRIPTION
Extent 1 online resource (xxii, 523 p.)
336 ## - CONTENT TYPE
Content type term text
Content type code txt
Source rdacontent
337 ## - MEDIA TYPE
Media type term computer
Media type code c
Source rdamedia
338 ## - CARRIER TYPE
Carrier type term online resource
Carrier type code cr
Source rdacarrier
504 ## - BIBLIOGRAPHY, ETC. NOTE
Bibliography, etc. note Includes bibliographical references.
588 ## - SOURCE OF DESCRIPTION NOTE
Source of description note Description based on print version record and CIP data provided by publisher; resource not viewed.
650 #0 - SUBJECT ADDED ENTRY--TOPICAL TERM
Topical term or geographic name entry element Project management.
700 1# - ADDED ENTRY--PERSONAL NAME
Personal name Ireland, Lewis R.,
Dates associated with a name 1937-2012.
776 08 - ADDITIONAL PHYSICAL FORM ENTRY
Relationship information Print version:
Title Project management
Place, publisher, and date of publication New York : McGraw-Hill, 2006.
International Standard Book Number 007147160X (alk. paper)
Record control number (DLC) 2006015601
906 ## - LOCAL DATA ELEMENT F, LDF (RLIN)
a 0
b cbc
c origcop
d 1
e ecip
f 20
g y-gencatlg
942 ## - ADDED ENTRY ELEMENTS (KOHA)
Source of classification or shelving scheme Library of Congress Classification
Koha item type Normal Collection
Suppress in OPAC No
Holdings
Withdrawn status Lost status Source of classification or shelving scheme Damaged status Not for loan Home library Current library Date acquired Inventory number Total Checkouts Full call number Barcode Date last seen Price effective from Koha item type
    Library of Congress Classification     International Peace Support Training Centre (IPSTC) International Peace Support Training Centre (IPSTC) 09/04/2026 2724/2018   HD69.P75 200127240018 09/04/2026 09/04/2026 Normal Collection
Copyright © 2026 [National Defence University - Kenya]. All rights reserved.